The B language and method : A guide to practical formal development

Gespeichert in:
Bibliographische Detailangaben
1. Verfasser: Lano, Kevin (Verfasst von)
Format: Buch
Sprache:Englisch
Veröffentlicht: London : Springer Verlag, 1996
Schlagworte:
Tags: Tag hinzufügen
Keine Tags, Fügen Sie das erste Tag hinzu!

MARC

LEADER 00000nam a22000003a 4500
001 stu50239
005 20150617225621.5
008 990713s1996------------------------eng-d
020 |a 3-540-76033-4 
040 |a STU  |b slo 
041 0 |a eng 
080 |a 519.682 
080 |a 681.32.06 B  |7 1000600170 
084 |a C6140  |2 INS 
100 1 |a Lano, Kevin  |4 aut 
245 1 |a The B language and method :  |b A guide to practical formal development 
260 |a London :  |b Springer Verlag,  |c 1996 
300 |a 232 s 
650 7 |a programovacie jazyky  |2 stusub 
996 |b 284IK06298  |c I*20P5283  |l II680  |s A  |a 24  |w stu50239_0001